| 000 | 01038cam a22001934a 4500 | ||
|---|---|---|---|
| 005 | 20250605164117.0 | ||
| 008 | 250528s ||||||||||||||||||||||||d | ||
| 035 | _a18132 | ||
| 020 | _a9603320269 | ||
| 040 |
_aGR-AtMCL _bgre _dGR-AtMCL _eAACR2 |
||
| 245 | 1 | _aΟ Οδηγός της Microsoft για το Microsoft PowerPoint 4 for Windows | |
| 260 |
_bMicrosoftpress, _c1994 |
||
| 300 | _a520 | ||
| 520 | _aΚατανοητός και Ευανάγνωστος, Χρήσιμες Σημειώσεις και Συμβουλές, Εκατοντάδες Παραδείγματα, Πρακτικές Οδηγίες. Εισαγωγή, Εισαγωγή στο PowerPoint, Δημιουργία της Βασικής Παρουσίασης, Τροποποίηση της Παρουσίασης, Προσθήκη Σχολίων και Γραφικών, Παρουσίαση με το PowerPoint, Πρχωρημένο PowerPoint, Ευρετήριο. | ||
| 700 | 1 |
_aSagman Stephen W _94422 |
|
| 942 | _cBK | ||
| 999 |
_c3513 _d3513 |
||